000
00391nam a22001697a 4500
003
MPLRDC
005
20220104152750.0
008
210129b ||||| |||| 00| 0 eng d
082
_a
857.6 HY-3
100
_a
黄崖
245
_a
山村烟雾
_c
250
_a
初版
260
_a
_b
国际文化企业公司
_c
1976
300
_b
平
650
_a
短篇小说
942
_c
BK
_o
857.6 HY-3
999
_c
53076
_d
53066